| 000 | 00910nam a22001937a 4500 | ||
|---|---|---|---|
| 005 | 20240920153843.0 | ||
| 010 | _aHIN-128406 | ||
| 020 | _c80.00 | ||
| 035 | _aHN-100752 | ||
| 037 | _bDBAD | ||
| 082 | _a280 | ||
| 100 |
_aमुहम्मद अहमद _971821 |
||
| 245 |
_aमानवता और इस्लाम/ _cमुहम्मद अहमद द्वारा संकलित |
||
| 260 |
_aनई दिल्ली _bएम. एम. आई. पब्लिशर्स _c2016 |
||
| 270 |
_aD-307, दावत नगर, अबुल-फजल एन्क्लेव, जामिया नगर, ओखला _bनई दिल्ली _e110025 _k011-26981652 _k011-26984347 _mmmipublishers@gmail.com |
||
| 300 |
_a144 पृ. _c22 सेमी (अजिल्द) |
||
| 700 |
_aमुहम्मद अहमद _971000 |
||
| 942 |
_2ddc _cHN _h280 _mअहम |
||
| 999 |
_c205806 _d205806 |
||